Los pulsos / (Record no. 137730)

MARC details
000 -LEADER
campo de control de longitud fija 00695nam a2200229 4500
001 - NÚMERO DE CONTROL
campo de control 137730
003 - IDENTIFICADOR DE NÚMERO DE CONTROL
campo de control ES-MaACL
005 - FECHA Y HORA DE LA ÚLTIMA TRANSACCIÓN
campo de control 20240506100536.0
007 - CAMPO FIJO DE DESCRIPCIÓN FÍSICA--INFORMACIÓN GENERAL
campo de control de longitud fija t|
008 - DATOS DE LONGITUD FIJA--INFORMACIÓN GENERAL
campo de control de longitud fija 070214s1970 sp r ||||1| spa d
100 1# - ENTRADA PRINCIPAL--NOMBRE DE PERSONA
Nombre de persona Salgueiro, Francisco.
9 (RLIN) 101909
245 14 - MENCIÓN DEL TÍTULO
Título Los pulsos /
Mención de responsabilidad, etc. Francisco Salgueiro.
260 ## - PUBLICACIÓN, DISTRIBUCIÓN, ETC.
Lugar de publicación, distribución, etc. Salamanca :
Nombre del editor, distribuidor, etc. Delegación Nacional de Cultura,
Fecha de publicación, distribución, etc. 1970 (
Fabricante Imp. Calatrava)
300 ## - DESCRIPCIÓN FÍSICA
Extensión 79 p. ;
Dimensiones 21 cm.
490 1# - MENCIÓN DE SERIE
Mención de serie Alamo ;
Designación de volumen o secuencia 18
710 1# - ENTRADA AGREGADA--NOMBRE DE ENTIDAD CORPORATIVA
Nombre de entidad corporativa o nombre de jurisdicción como elemento de entrada España.
Unidad subordinada Delegación Nacional de Cultura.
9 (RLIN) 3684
830 0# - PUNTO DE ACCESO ADICIONAL DE SERIE-TÍTULO UNIFORME
Título uniforme Colección Alamo ;
Designación de volumen o secuencia 18
9 (RLIN) 184140
852 ## - LOCALIZACIÓN
Ubicación ES-MaACL
Número de control de estantería L-5690
Sublocalización o colección R.106326
852 ## - LOCALIZACIÓN
Ubicación ES-MaACL
Número de control de estantería C-39034
Sublocalización o colección R.77159
942 ## - ELEMENTOS DE ENTRADA SECUNDARIOS (KOHA)
Fuente del sistema de clasificación o colocación Clasificación decimal universal
Holdings
Estatus retirado Estado de pérdida Estado de daño No para préstamo Biblioteca de origen Biblioteca actual Ubicación en estantería Fecha de adquisición Fuente de adquisición Total de préstamos Signatura topográfica completa Código de barras Visto por última vez Precio de reemplazo Tipo de ítem Koha
        Biblioteca del Ateneo de Madrid Biblioteca del Ateneo de Madrid Depósito 2 17/01/2008     C-39034 1143326 23/02/2023 23/02/2023 Libro impreso
        Biblioteca del Ateneo de Madrid Biblioteca del Ateneo de Madrid Depósito 2 17/01/2008     L-5690 1143325 23/02/2023 23/02/2023 Libro impreso